Bài tập xác suất và thống kê toán Có lời giải, hướng dẫn và đáp số

Salvato in:
Dettagli Bibliografici
Autore principale: Hoàng Ngọc Nhậm
Natura: Libro
Lingua:Undetermined
Pubblicazione: Tp. HCM Trường Đại học Kinh tế 1993
Soggetti:
Tags: Aggiungi Tag
Nessun Tag, puoi essere il primo ad aggiungerne! !
Thư viện lưu trữ: Trung tâm Học liệu Trường Đại học Cần Thơ
LEADER 00655nam a2200181Ia 4500
001 CTU_1458
008 210402s9999 xx 000 0 und d
082 |a 519.2076 
082 |b Nh120 
100 |a Hoàng Ngọc Nhậm 
245 0 |a Bài tập xác suất và thống kê toán 
245 0 |b Có lời giải, hướng dẫn và đáp số 
245 0 |c Hoàng Ngọc Nhậm 
260 |a Tp. HCM 
260 |b Trường Đại học Kinh tế 
260 |c 1993 
650 |a mathematical statistics - problems, exercises,probabilities - problems, exercises 
980 |a Trung tâm Học liệu Trường Đại học Cần Thơ